000 00606nam a2200205 a 4500
001 000039923
005 20201002033818.0
008 130730s1977 sp r 000 0 spa d
020 _a8422007959
040 _aDO-SdBNP
_bspa
_cBNPHU
082 _axxxx
_bB645a
100 1 _aBlazquez, Niceto
_966130
245 1 3 _aEl aborto :
_bno matarás /
_cNiceto Blazquez.
260 _aMadrid :
_bBiblioteca de Autores Cristianos,
_c1977.
300 _a213 p. ;
_c18 cm.
490 1 _aBac Popular
500 _aIncluye notas al pie de las páginas
590 _aInventariado, 2019/BT
830 0 _aBac Popular
_966131
999 _c39413
_d39413